Are They Alive? - Click Quiz - Statistics

General Stats
  • This quiz has been taken 174 times
  • The average score is 23 of 30
Answer Stats
Hint Answer % Correct
Queen Elizabeth II Dead
94%
Michael Jackson Dead
93%
Walt Disney Dead
93%
Marilyn Monroe Dead
92%
Fidel Castro Dead
91%
Snoop Dog Alive
90%
Kobe Bryant Dead
90%
Alexander Graham Bell Dead
89%
Stephen Hawking Dead
87%
Aristotle Onassis Dead
87%
Paul McCartney Alive
85%
Muammar Gaddafi Dead
83%
George Lucas Alive
81%
Mikhail Gorbachev Dead
81%
Jimmy Carter Dead
81%
Clint Eastwood Alive
79%
James Earl Jones Dead
76%
Yoko Ono Alive
74%
David Attenborough Alive
74%
Ruhollah Khomeini Dead
72%
Warren Buffett Alive
70%
George H.W. Bush Dead
67%
Kareem Abdul-Jabbar Alive
66%
Hulk Hogan Alive
62%
Larry King Dead
62%
Adam West Dead
60%
John Lasseter Alive
53%
Shigeru Miyamoto Alive
52%
Akira Toriyama Dead
52%
Robert Duvall Alive
47%
No matching quizzes found
Score Distribution
Percent of People with Each Score
Percentile by Number Answered
Your Score History
You have not taken this quiz